000 00766nam a22001817a 4500
999 _c59263
_d59263
005 20221226122500.0
008 221226s1976ru xxu||||| |||| 00| 0 rus d
041 _arus
080 _a821.161.1 Ч-56
100 _aЧехов, А.П.
_916586
245 _aИзбранные произведения в терх томах :
_bТом 3,Повести и -рассказы 1897 1903 /
_cА. П. Чехов, Ред. Е. Жеалова
264 _aМосква :
_bХудож. лит,
_c1976.
300 _a460 ст,
_b22 см.
653 _aИзбранные произведения в трех
653 _aშერჩეული ნაწარმოებები
700 _aЖеалова, Е.
_eრედაქტორი
_916587
942 _2udc
_cBK